[Event "Berlin-ch Seniors op 34th"]
[Site "Berlin"]
[Date "2018.02.05"]
[Round "6"]
[White "Sattler, Guenther"]
[Black "Campe, Ulrich"]
[Result "1-0"]
[WhiteElo "1744"]
[BlackElo "1569"]
[PlyCount "31"]
[EventDate "2018.01.30"]
[EventType "swiss"]
[EventRounds "9"]
[EventCountry "GER"]
[SourceTitle "EXT 2020"]
[Source "ChessBase"]
[SourceDate "2019.10.17"]
[SourceVersion "1"]
[SourceVersionDate "2019.10.17"]
[SourceQuality "1"]

1. Nf3 Nf6 2. d4 d6 3. c4 Bf5 4. Nc3 Nbd7 5. e3 e5 6. Nh4 Bg4 7. Be2 Bxe2 8. Qxe2 e4 9. Nf5 c6 10. Ng3 d5 11. c5 Be7 12. 0-0 0-0 13. Nf5 h6 14. h3 Nh7 15. Qg4 Kh8 16. Qxg7# 1-0

[Event "Berlin-ch Seniors op 34th"]
[Site "Berlin"]
[Date "2018.02.01"]
[Round "3"]
[White "Hiller, Bernd"]
[Black "Sattler, Guenther"]
[Result "1-0"]
[WhiteElo "1828"]
[BlackElo "1744"]
[PlyCount "131"]
[EventDate "2018.01.30"]
[EventType "swiss"]
[EventRounds "9"]
[EventCountry "GER"]
[SourceTitle "EXT 2020"]
[Source "ChessBase"]
[SourceDate "2019.10.17"]
[SourceVersion "1"]
[SourceVersionDate "2019.10.17"]
[SourceQuality "1"]

1. e4 e5 2. f4 d6 3. Nc3 Nc6 4. Nf3 Nf6 5. Bc4 Be6 6. Bxe6 fxe6 7. 0-0 Be7 8. fxe5 dxe5 9. d3 Bc5+ 10. Kh1 Ng4 11. Bg5 Qd7 12. Qe2 h6 13. Bd2 Nf2+ 14. Rxf2 Bxf2 15. Qxf2 0-0-0 16. Qc5 b6 17. Qb5 Kb7 18. Nxe5 Nxe5 19. Qxe5 g5 20. Be3 Qd6 21. Qxd6 cxd6 22. Rf1 Rhf8 23. Rxf8 Rxf8 24. Kg1 Kc6 25. Bd4 e5 26. Be3 a6 27. Nd5 b5 28. Ne7+ Kd7 29. Nf5 Rf6 30. h4 Rg6 31. hxg5 hxg5 32. Bd2 Ke6 33. Ne3 Rg8 34. Nd5 Rc8 35. c3 g4 36. Ne3 a5 37. Nxg4 b4 38. Ne3 bxc3 39. Bxc3 a4 40. a3 Rg8 41. g4 Kf6 42. Kg2 Kg5 43. Kg3 Rf8 44. Bd2 Kg6 45. Nf5 Rd8 46. Bb4 Kf6 47. Nxd6 Ke6 48. g5 Rh8 49. Nc4 Rh1 50. Bc3 Rg1+ 51. Kh4 Rh1+ 52. Kg4 Rg1+ 53. Kh5 Rg3 54. Nxe5 Rh3+ 55. Kg6 Rg3 56. Kh6 Rh3+ 57. Kg7 Rg3 58. g6 Rg2 59. Nf7 Rg3 60. d4 Ke7 61. Bb4+ Ke8 62. d5 Rg4 63. Kf6 Rg2 64. g7 Rg1 65. Ng5 Rf1+ 66. Kg6 1-0

[Event "Berlin-ch Seniors op 33rd"]
[Site "Berlin"]
[Date "2017.02.01"]
[Round "2"]
[White "Walther, Lothar O"]
[Black "Sattler, Guenther"]
[Result "1-0"]
[WhiteElo "1491"]
[BlackElo "1753"]
[PlyCount "67"]
[EventDate "2017.01.31"]
[EventType "swiss"]
[EventRounds "9"]
[EventCountry "GER"]
[SourceTitle "EXT 2019"]
[Source "ChessBase"]
[SourceDate "2018.10.10"]
[SourceVersion "1"]
[SourceVersionDate "2018.10.10"]
[SourceQuality "1"]

1. e4 e5 2. Nc3 Nf6 3. g3 d6 4. Bg2 Nc6 5. d3 Be7 6. Nge2 Bg4 7. h3 Be6 8. 0-0 Qc8 9. Kh2 0-0 10. f4 exf4 11. Nxf4 Nd7 12. Ncd5 Bf6 13. c3 Ne7 14. Nxe6 fxe6 15. Rxf6 Nxd5 16. Rxf8+ Nxf8 17. exd5 e5 18. d4 Ng6 19. Be4 Qe8 20. Be3 exd4 21. Qxd4 Qb5 22. c4 Qe8 23. Rf1 Ne5 24. b3 b6 25. Rf4 Qe7 26. Kg2 h6 27. Bf5 Rf8 28. Qe4 Re8 29. Be6+ Kh8 30. Bd4 Nf7 31. Rxf7 Qxf7 32. Qg4 Qf8 33. Qg6 Qe7 34. Qxh6# 1-0

[Event "Berlin-ch Seniors op 32nd"]
[Site "Berlin"]
[Date "2016.01.27"]
[Round "2"]
[White "Sattler, Guenther"]
[Black "Geist, Wolfgang"]
[Result "1-0"]
[WhiteElo "1703"]
[BlackElo "1505"]
[PlyCount "59"]
[EventDate "2016.01.26"]
[EventType "swiss"]
[EventRounds "9"]
[EventCountry "GER"]
[SourceTitle "EXT 2019"]
[Source "ChessBase"]
[SourceDate "2018.10.10"]
[SourceVersion "1"]
[SourceVersionDate "2018.10.10"]
[SourceQuality "1"]

1. d4 Nf6 2. Nf3 d5 3. e3 e6 4. c4 c6 5. Nc3 Bb4 6. Bd2 Bxc3 7. Bxc3 0-0 8. Bd3 Re8 9. c5 Nbd7 10. b4 b5 11. a4 Ba6 12. Qe2 Qb8 13. 0-0 Ne4 14. Bb2 Ndf6 15. Ne5 Qb7 16. f3 Rec8 17. a5 Nd7 18. fxe4 Nxe5 19. dxe5 Rf8 20. Bd4 Rae8 21. Qh5 g6 22. Qg5 Re7 23. Rf6 Kg7 24. h4 h6 25. Qg4 Qd7 26. Raf1 h5 27. Qg5 Qe8 28. exd5 cxd5 29. Bxg6 fxg6 30. Rxf8 1-0

[Event "Berlin-ch Seniors op 31st"]
[Site "Berlin"]
[Date "2015.02.04"]
[Round "6"]
[White "Sattler, Guenther"]
[Black "Weber, Viktor"]
[Result "1-0"]
[WhiteElo "1594"]
[BlackElo "1372"]
[PlyCount "47"]
[EventDate "2015.01.29"]
[EventType "swiss"]
[EventRounds "9"]
[EventCountry "GER"]
[SourceTitle "EXT 2018"]
[Source "ChessBase"]
[SourceDate "2017.10.13"]
[SourceVersion "1"]
[SourceVersionDate "2017.10.13"]
[SourceQuality "1"]

1. Nf3 Nc6 2. d4 e6 3. e4 d5 4. e5 h6 5. c4 Bb4+ 6. Nc3 b6 7. a3 Bxc3+ 8. bxc3 Ba6 9. Qa4 Bb7 10. Be3 Nge7 11. Rb1 Bc8 12. cxd5 exd5 13. Bb5 Bd7 14. 0-0 Qc8 15. Qd1 a6 16. Bd3 Nf5 17. c4 Nxe3 18. fxe3 dxc4 19. Bxc4 Na5 20. Ba2 0-0 21. Nh4 b5 22. Ng6 Bg4 23. Qc2 Bf5 24. Qxf5 1-0

[Event "Berlin-ch Seniors op 31st"]
[Site "Berlin"]
[Date "2015.01.31"]
[Round "3"]
[White "Koeckeritz, Dieter"]
[Black "Sattler, Guenther"]
[Result "1-0"]
[WhiteElo "1413"]
[BlackElo "1594"]
[PlyCount "55"]
[EventDate "2015.01.29"]
[EventType "swiss"]
[EventRounds "9"]
[EventCountry "GER"]
[SourceTitle "EXT 2018"]
[Source "ChessBase"]
[SourceDate "2017.10.13"]
[SourceVersion "1"]
[SourceVersionDate "2017.10.13"]
[SourceQuality "1"]

1. e4 e5 2. Nf3 Nc6 3. Bc4 Nf6 4. d3 h6 5. h3 d5 6. exd5 Nxd5 7. 0-0 Be6 8. Re1 Bd6 9. Nbd2 Qd7 10. Ne4 Be7 11. Bb5 f6 12. a3 a6 13. Ba4 Nb6 14. Bb3 0-0-0 15. Be3 f5 16. Nc5 Bxc5 17. Bxe6 Qxe6 18. Bxc5 e4 19. Bxb6 cxb6 20. Nd2 Qd5 21. Nc4 Kc7 22. Qd2 Qxc4 23. Qf4+ Kc8 24. dxc4 Rhf8 25. g4 Rfe8 26. Rad1 g5 27. Rxd8+ Nxd8 28. Qd6 1-0